|
|
|
|
| LEADER |
00931nam a22002532a 4500 |
| 001 |
001866287 |
| 003 |
CZ BrMZK |
| 005 |
20230725101417.0 |
| 007 |
ta |
| 008 |
230725s1948 xr af er|||||||||||pol d |
| 015 |
|
|
|a cnb000672362
|z cnb001078898
|
| 035 |
|
|
|a (OCoLC)85428418
|
| 040 |
|
|
|a ABA001
|b cze
|c PNA001
|d ABA001
|d BOA001
|
| 041 |
1 |
|
|a pol
|h cze
|
| 100 |
1 |
|
|a Havlíček, Věnceslav,
|d 1894-1976
|7 jk01040355
|4 aut
|
| 245 |
1 |
0 |
|a Czechosłowacki Sokół /
|c [napisal Więczeslaw Havlíček ; ilustracje Jan Ledvina]
|
| 260 |
|
|
|a V Pradze :
|b Komitet Wykonawczy XI. Zlotu Wszechsokolego staraniem swego Wydziału Propagandy,
|c [1948]
|f (Orbis)
|
| 300 |
|
|
|a 31 s., [xv] s. obr. příl. :
|b il. ;
|c 8°
|
| 500 |
|
|
|a Přeloženo z češtiny
|
| 700 |
1 |
|
|a Ledvina, Jan
|4 ill
|
| 910 |
|
|
|a BOA001
|b 2-0214.957
|
| 990 |
|
|
|a BK
|
| 991 |
|
|
|b 202307
|
| 996 |
7 |
|
|b 2618757456
|c 2-0214.957
|l MZK
|r Sklad / do 24 hodin
|n 0
|w 001933606
|u 000010
|a 1
|e BOA001
|j MZK50
|s A
|